000 01045nam a22002417a 4500
999 _c168997
_d168997
005 20191101154803.0
010 _aB-730673
020 _a9789383346424
_c350.00
035 _aB-730673
037 _bडी.बी.ए.डी./ उपहार
082 _a821
100 _aप्रकाश मनु
245 _aएक सौ एक शिशुगीत /
_cप्रकाश मनु
260 _a दिल्ली
_bट्रांस ग्लोबल पब्लिशिंग कं.
_c2017
270 _a1362, सैकंड फ्लोर , कश्मीरी गेट
_bदिल्ली
_e110006
300 _a112पृ;
_bसचित्र
_c24सेमी (सजिल्द)
650 _aगीत
650 _aबाल कहानियाँ
650 _aChildren Stories
700 _919732
942 _adpl
_cCH
_2ddc
_h821
_mप्रकाश